2025 Europa League Final Tottenham Hotspur - Manchester United - Statistics

General Stats
  • This quiz has been taken 371 times
  • The average score is 22 of 32
Answer Stats
Player % Correct
André Onana
91%
Guglielmo Vicario
88%
Son Heung-min
88%
Harry Maguire
87%
Micky van de Ven
86%
Bruno Fernandes
84%
Cristian Romero
84%
Rasmus Højlund
79%
Brennan Johnson ¹
76%
Pedro Porro
76%
Ruben Amorim
76%
Casemiro
75%
Richarlison
74%
Luke Shaw
73%
Destiny Udogie
72%
Dominic Solanke
70%
Pape Matar Sarr
68%
Amad Diallo
67%
Alejandro Garnacho
65%
Ange Postecoglou
65%
Diogo Dalot
64%
Yves Bissouma
64%
Rodrigo Bentancur
63%
Leny Yoro
62%
Patrick Dorgu
55%
Djed Spence
53%
Kobbie Mainoo
52%
Joshua Zirkzee
51%
Mason Mount
50%
Noussair Mazraoui
50%
Archie Gray
40%
Kevin Danso
37%
No matching quizzes found
Score Distribution
Percent of People with Each Score
Percentile by Number Answered
Your Score History
You have not taken this quiz